| 000 | 00645nam a2200241Ia 4500 | ||
|---|---|---|---|
| 003 | OSt | ||
| 005 | 20220925225749.0 | ||
| 006 | a|||||r|||| 00| 0 | ||
| 007 | ta | ||
| 008 | 220923b |||||||| |||| 00| 0 eng d | ||
| 020 | _a0117026557 | ||
| 037 | _cGeneral Book | ||
| 040 |
_aRTL _cRTL _beng |
||
| 041 |
_2eng _aeng |
||
| 082 | _aUf1P, P3 | ||
| 100 |
_aAnderson Ewan W _9255644 |
||
| 245 | 0 |
_aInternational boundaries _bA geo political atlas |
|
| 260 |
_aLondon _bT S O UK _c2003 |
||
| 300 |
_axiv, 941p _ccm. |
||
| 650 | _aGeography | ||
| 942 |
_hUf1P, P3 _cGB _2CC |
||
| 999 |
_c584138 _d584138 |
||